| 000 | 02326nam0a2200397 4500 | ||
|---|---|---|---|
| 001 | RU\NLR\BIBL_A\022489939 | ||
| 005 | 20260420041036.0 | ||
| 010 |
_a978-5-907837-86-7 _9300 |
||
| 021 |
_aRU _bКН-П-25-000960 _9КН-П-25-0078 |
||
| 035 | _a(NLR Aleph) 022489939 | ||
| 090 |
_a13671095 _c13671095 |
||
| 100 | _a20250314d2024 k y0rusy50 ca | ||
| 101 | 0 | _arus | |
| 102 | _aRU | ||
| 105 | _aa z 000yy | ||
| 181 | 0 |
_ai _bxxxe |
|
| 182 | 0 | _an | |
| 200 | 1 |
_aФискальная децентрализация и развитие местных бюджетов Республики Дагестан _eмонография _fСомоев Р. Г., Махдиева Ю. М., Саадуева М. М., Сулейманов М. М. _gМинистерство науки и высшего образования Российской Федерации, Дагестанский государственный университет, Экономический факультет, Кафедра финансов и кредита |
|
| 203 |
_aТекст _bвизуальный _cнепосредственный |
||
| 210 |
_aМахачкала _cФормат _d2024 |
||
| 215 |
_a343 с. _cил., табл. _d20 |
||
| 300 | _aНад вып. дан. авт.: Сомоев Р. Г., д-р экон. наук, проф., Махдиева Ю. М., Саадуева М. М., Сулейманов М. М., кандидаты экон. наук, доценты | ||
| 301 | _aDOI: 10.34775/z4781-2466-8647-k | ||
| 320 | _aБиблиогр.: с. 315–333 (273 назв.) | ||
| 606 | 1 |
_aФискальная политика _yДагестан, Республика _92673718 _3RU\NLR\AUTH\6601758701 |
|
| 606 | 1 |
_aМестный бюджет _yДагестан, Республика _92267267 _3RU\NLR\AUTH\6601588460 |
|
| 686 | 1 | _aУ26(2)11-18(2Р-6Д) | |
| 686 | 1 | _aУ26(2)134.05(2Р-6Д) | |
| 701 | 1 |
_aСомоев _bР. Г. _f1965- _gРамазан Гусейнович |
|
| 701 | 1 |
_aМахдиева _bЮ. М. _gЮлия Махдиевна |
|
| 701 | 1 |
_aСаадуева _bМ. М. _gМарина Магомедовна |
|
| 701 | 1 |
_aСулейманов _bМ. М. _gМагомед Магомедович |
|
| 942 | _cBOOK | ||
| 980 | _aNB | ||